1068 1663 1081 1048 1744 1881 1384 1292 1769 1822 1609 1387 1713 1135 1763 1674 1114 1217 1133 1456 1100 1087 1162 1956 1619 1033 1819 1186 1039 1583 1038 1633 1593 1348 1116 1604 1141 1702 1071 1235 1436 1919 1690 1787 1426 1532 1626 1617 1015 1946 1769 1350 1241 1214 1710 1002 1718 1400 1025 1136 1556 1917 1834 1401 1498 1982 1897 1177 1383 1451 1841 1239 1375 1967 1827 1854 1772 1564 1302 1454 1312 1068 1767 1348 1637 1243 1253 1037 1122 1029 1107 1331 1652 1485 1860 1756 1374 1382 1069 BCNSPRNW ULIB Ver.6.0+V

เปลี่ยนเป็นภาษาไทย

Change to English
 แสดงรายละเอียดบรรณานุกรม
  กลับหน้าหลัก

Brief Record : Get Marc (ISO 2709) : E-mail record : QR code < ปิดหน้าต่าง
LEADER : 00000nam 2200000uu 4500
001    13399108949
003     ULIB
008    110316s2551||||th 000 0 tha d
020    97496274
060  4 WA20.5^bส382ผ ล.2 2551
110 1  กระทรวงสาธารณสุข^bสำนักงานปลัดกระทรวง^bสถาบันพระบรมราชชนก
245 00 ผลงานวิชาการ:นำเสนอโดยอาจารย์สังกัดสถาบันพระบรมราชชนกและบุคลากรด้านสาธารณสุขในสังกัดสำนักงานปลัดกระทรวงสาธารณสุข เล่ม2/^cสถาบันพระบรมราชชนก
260    นนทบุรี:^bสถาบันพระบรมราชชนก,^c2551
300    395 หน้า
650  7 ผลงานวิชาการ
945    ^p0^l0^i025752
995    ทศพร
999 ^a ใช้งานได้ทุกระบบ
รายการนี้ยังไม่มีแท็ก
คุณยังไม่ได้ล็อกอิน คุณสามารถมีกิจกรรมร่วมกับเว็บไซต์ได้ แต่ต้องล็อกอินก่อน ::
  ล็อกอิน

รายการสื่อสารสนเทศ

ลำดับที่ ประเภท เลขเรียก/บาร์โค้ด สถานที่ สถานะ
- ไม่พบข้อมูล -

รายการใกล้เคียง
    หัวเรื่อง [ผลงานวิชาการ]

BibComment


ยังไม่เคยถูกคอมเมนท์

คอมเมนท์ทรัพยากรรายการนี้
  คอมเมนท์: ผลงานวิชาการนำเสน..


 Copyright 2026. Bcnsprnw @Library